Contra la carga de la prueba

Guardat en:
Dades bibliogràfiques
Autors principals: Nieva Fenoll, Jordi (autor), Ferrer Beltrán, Jordi (Autor), Giannini, Leandro J (Autor)
Format: Llibre
Idioma:espanyol
Publicat: Madrid Marcial Pons 2019
Edició:1a. ed
Col·lecció:Proceso y Derecho
Matèries:
Etiquetes: Afegir etiqueta
Sense etiquetes, Sigues el primer a etiquetar aquest registre!

MARC

LEADER 00000cam a2200000 a 4500
001 UCC9403
003 CL-VaPUC
005 20220824172251.0
008 190927e20190000sp |||||||||||||||||spa|d
020 |a 9788491236436 
040 |c Pontificia Universidad Católica de Valparaíso 
082 0 4 |a 345.3  |b NIE  |2 21 
100 |a Nieva Fenoll, Jordi  |e autor  |9 417 
245 1 0 |a Contra la carga de la prueba 
250 |a 1a. ed 
260 |a Madrid  |b Marcial Pons  |c 2019 
300 |a 115 p 
490 0 |a Proceso y Derecho 
583 |a last modification  |c 20190927 15:31:00  |k Rodrigo Vera 
650 0 |a Procedimiento penal  |9 254974 
650 0 |a Prueba  |9 256247 
650 0 |a Derecho y legislación   |9 255077 
700 0 |a Ferrer Beltrán, Jordi  |e author  |9 604451 
700 0 |a Giannini, Leandro J  |e author  |9 604452 
942 |c BK 
945 |d 20190927 15:31:00  |a dcastane 
999 |c 375584  |d 375582 
952 |0 0  |1 0  |3 erb  |4 0  |6 345_300000000000000_NIE_2019  |7 0  |8 A  |9 494590  |a BIBDER  |b BIBDER  |i 5561949  |l 2  |m 1  |o 345.3 NIE 2019  |p 5561949  |r 2024-06-17  |s 2024-05-29  |w 2019-11-24  |y BK  |z Catalogado en:20190927  |k DER